[Event "Olympiad-43"]
[Site "Batumi"]
[Date "2018.10.02"]
[Round "8.3"]
[White "Ghanem, Al Shamari"]
[Black "Maiga, Baba Moulaye Abdall"]
[Result "0-1"]
[WhiteElo "1840"]
[BlackElo "1978"]
[PlyCount "134"]
[EventDate "2018.09.24"]
[EventType "team-swiss"]
[EventRounds "11"]
[EventCountry "GEO"]
[SourceTitle "CBM 187"]
[Source "ChessBase"]
[SourceDate "2018.12.11"]
[SourceVersion "1"]
[SourceVersionDate "2018.12.11"]
[SourceQuality "1"]
[WhiteTeam "Qatar"]
[BlackTeam "Mali"]
[WhiteTeamCountry "QAT"]
[BlackTeamCountry "MLI"]

1. d4 d5 2. Bf4 Bf5 3. Nf3 e6 4. e3 Nf6 5. Ne5 Bd6 6. Be2 h6 7. 0-0 a6 8. c4 0-0 9. c5 Bxe5 10. Bxe5 Nbd7 11. Bf4 g5 12. Bg3 Ne4 13. Nc3 Nxc3 14. bxc3 b6 15. c6 Nf6 16. f3 Bg6 17. Be5 Ne8 18. c4 f6 19. Bg3 Nd6 20. cxd5 exd5 21. Bd3 Nf5 22. Qb1 Nxg3 23. hxg3 Bxd3 24. Qxd3 Kg7 25. e4 Qd6 26. f4 dxe4 27. Qxe4 Rae8 28. Qd3 Qxc6 29. Qxa6 Qd5 30. Qd3 c5 31. Rad1 c4 32. Qc3 Re2 33. Rf2 Rfe8 34. a4 R2e3 35. Qb4 Rb3 36. Qd2 Rd3 37. Qc2 Qxd4 38. Rxd3 Qxd3 39. Qxd3 cxd3 40. Rd2 Rd8 41. Kf2 gxf4 42. gxf4 Rd4 43. Ke3 Rxa4 44. Rxd3 Rb4 45. f5 h5 46. Kf2 Rf4+ 47. Kg1 Rxf5 48. Rb3 b5 49. Rb4 Kg6 50. Kh2 Kg5 51. Kh3 Rc5 52. Kh2 f5 53. Kh3 f4 54. Rb3 Re5 55. Kh2 Kf5 56. Rb4 Kg4 57. Rb3 Rf5 58. Rb4 Kg5 59. Rb3 Kf6 60. Rb4 Ke6 61. Kh3 Kd6 62. Rb3 Kc5 63. Rf3 Kd4 64. g4 hxg4+ 65. Kxg4 Rf8 66. Rf1 b4 67. Kf3 b3 0-1

[Event "Asia-chT blitz U23 5th"]
[Site "Ashkhabad"]
[Date "2017.09.27"]
[Round "5.1"]
[White "Ghanem, Al Shamari"]
[Black "Thanarotrung, Ratchaphon"]
[Result "0-1"]
[WhiteElo "1619"]
[BlackElo "1905"]
[PlyCount "46"]
[EventDate "2017.09.27"]
[EventType "team-swiss (blitz)"]
[EventRounds "5"]
[EventCountry "TKM"]
[SourceTitle "EXT 2018"]
[Source "ChessBase"]
[SourceDate "2017.10.13"]
[SourceVersion "1"]
[SourceVersionDate "2017.10.13"]
[SourceQuality "1"]
[WhiteTeam "Qatar"]
[BlackTeam "Thailand"]
[WhiteTeamCountry "QAT"]
[BlackTeamCountry "THA"]

1. d4 e6 2. Nf3 f5 3. Bf4 Nf6 4. h3 d5 5. e3 c6 6. Be2 Bd6 7. 0-0 Bxf4 8. exf4 0-0 9. Nbd2 Ne4 10. Ne5 Nd7 11. c3 Nxe5 12. fxe5 Bd7 13. Nb3 Qg5 14. Bd3 Be8 15. Bxe4 fxe4 16. Nc5 Qe7 17. Qb3 b6 18. Na4 Bh5 19. Qc2 Qg5 20. Kh1 Qh4 21. c4 Bf3 22. gxf3 Qxh3+ 23. Kg1 exf3 0-1

[Event "Asia-chT blitz U23 5th"]
[Site "Ashkhabad"]
[Date "2017.09.27"]
[Round "4.1"]
[White "Ip, Seng Tou"]
[Black "Ghanem, Al Shamari"]
[Result "1-0"]
[WhiteElo "1740"]
[BlackElo "1619"]
[PlyCount "71"]
[EventDate "2017.09.27"]
[EventType "team-swiss (blitz)"]
[EventRounds "5"]
[EventCountry "TKM"]
[SourceTitle "EXT 2018"]
[Source "ChessBase"]
[SourceDate "2017.10.13"]
[SourceVersion "1"]
[SourceVersionDate "2017.10.13"]
[SourceQuality "1"]
[WhiteTeam "Macau"]
[BlackTeam "Qatar"]
[WhiteTeamCountry "MAC"]
[BlackTeamCountry "QAT"]

1. Nf3 d5 2. e3 Nf6 3. b3 Bf5 4. Bb2 e6 5. Ne5 Be7 6. f4 h6 7. d3 0-0 8. Be2 Nbd7 9. 0-0 c5 10. Nd2 Qc7 11. Ndf3 Rad8 12. Qe1 Rfe8 13. Rd1 a6 14. a4 b5 15. axb5 axb5 16. Ra1 Ra8 17. Qd2 Ra7 18. Rxa7 Qxa7 19. Ra1 Qb7 20. Qa5 Bd8 21. Qa7 Qc8 22. Qa6 b4 23. Qa7 Nxe5 24. Nxe5 Bc7 25. Qxc5 Bxe5 26. Qxc8 Rxc8 27. Bxe5 Rxc2 28. Kf1 Ng4 29. Bxg4 Bxg4 30. Ra8+ Kh7 31. Rb8 Be2+ 32. Ke1 Bxd3 33. Rxb4 Rxg2 34. h4 Rh2 35. Kd1 Be4 36. Rb7 1-0

[Event "UAE-ch U15 int"]
[Site "Al Ain"]
[Date "2015.04.07"]
[Round "4"]
[White "Ghanem, Al Shamari"]
[Black "Ammar, Sedrani"]
[Result "1-0"]
[WhiteElo "1309"]
[BlackElo "1539"]
[PlyCount "71"]
[EventDate "2015.04.06"]
[EventType "swiss"]
[EventRounds "9"]
[EventCountry "UAE"]
[SourceTitle "CBM 166 Extra"]
[Source "ChessBase"]
[SourceDate "2015.06.18"]
[SourceVersion "1"]
[SourceVersionDate "2015.06.18"]
[SourceQuality "1"]

1. e4 c5 2. b3 Nc6 3. Bb5 Nd4 4. Bc4 e6 5. Nc3 Ne7 6. Nf3 a6 7. a4 d5 8. Bd3 Nxf3+ 9. Qxf3 d4 10. Ne2 g6 11. Ba3 Nc6 12. Qg3 Qe7 13. c3 Bg7 14. h4 h5 15. Nf4 dxc3 16. Rc1 cxd2+ 17. Kxd2 Nd4 18. Bb1 Bh6 19. Ke1 e5 20. Nxg6 fxg6 21. Qxg6+ Qf7 22. Qxf7+ Kxf7 23. Rxc5 Bd2+ 24. Kd1 Bg4+ 25. f3 Nxf3 26. gxf3 Bxf3+ 27. Kxd2 Bxh1 28. Rxe5 Rae8 29. Rf5+ Kg6 30. e5 Kg7 31. e6 Rd8+ 32. Ke1 Rd5 33. Bb2+ Kg8 34. e7 Rxf5 35. e8Q+ Rf8 36. Qg6# 1-0